Logo BPK

Biblioteka

Politechniki Koszalińskiej

Technologia i urządzenia walcowni wyrobów płaskich / (Rekord nr 18326)

Szczegóły MARC
000 -ETYKIETA REKORDU
podpole kontrolne o stałej długości 00451nam a2200157 i 4500
001 - NUMER KONTROLNY REKORDU
pole kontrolne bg
040 ## - ŹRÓDŁO KATALOGOWANIA
Instytucja, która utworzyła rekord BPK
041 ## - KOD JĘZYKA
Kod języka tekstu pol
008 - POLE O STAŁEJ DŁUGOŚCI - DANE KONTROLNE
podpole kontrolne o stałej długości s pl f |000 0 pol
100 1# - NAZWA OSOBOWA
Nazwa osobowa Jaglarz, Zbigniew
Daty związane z nazwą (1913-1988).
245 10 - TYTUŁ/ODPOWIEDZIALNOŚĆ
Tytuł Technologia i urządzenia walcowni wyrobów płaskich /
Pozostałe elementy strefy tytułu i oznaczenia odpowiedzialności Z. Jaglarz, W. Leskiewicz, H. Morawiecki.
260 ## - STREFA ADRESU WYDAWNICZEGO
Miejsce wydania Katowice,
Data publikacji, dystrybucji/powstania dokumentu 1979.
700 1# - HASŁO DODATKOWE - NAZWA OSOBOWA
Nazwa osobowa Leskiewicz, Wacław.
700 1# - HASŁO DODATKOWE - NAZWA OSOBOWA
Nazwa osobowa Morawiecki, Marian.
856 ## - LOKALIZACJA I DOSTĘP DO ELEKTRONICZNYCH DOKUMENTÓW ZDALNYCH
Link (URL) http://koha.tu.koszalin.pl/cgi-bin/koha/opac-detail.pl?biblionumber=18326
Tekst linku Katalog online BPK
942 ## - DODATKOWE ELEMENTY (KOHA)
Typ dokumentu Książka
Egzemplarze
Wycofany Status egzemplarza Uszkodzony Dostępność Lokalizacja stała Lokalizacja bieżąca Miejsce przechowywania Sygnatura Kod kreskowy Typ dokumentu
      Dostępny Biblioteka Politechniki Koszalińskiej Biblioteka Politechniki Koszalińskiej Wypożyczalnia BG 24297 01662269 Książka
      Dostępny Biblioteka Politechniki Koszalińskiej Biblioteka Politechniki Koszalińskiej Wypożyczalnia BG 24298 01662276 Książka
© 2023 Biblioteka Politechniki Koszalińskiej :: KOHA